1. Bundesliga Trainer 23/24 - Statistiken

Allgemein
  • Dieses Quiz wurde 179 mal gespielt
  • Das Durchschnittsergebnis liegt bei 14 aus 18
Antwortstatistiken
Verein Trainer % Korrekt
Bayern München Thomas Tuchel
99%
Borussia Dortmund Edin Terzic
96%
SC Freiburg Christian Streich
92%
Bayer 04 Leverkusen Xabi Alonso
91%
1. FC Köln Steffen Baumgart
88%
RB Leipzig Marco Rose
87%
VfL Wolfsburg Niko Kovac
85%
1. FC Union Berlin Urs Fischer
84%
VfB Stuttgart Sebastian Hoeneß
79%
Borussia Mönchengladbach Gerardo Seoane
75%
1. FSV Mainz 05 Bo Svensson
73%
1. FC Heidenheim 1846 Frank Schmidt
72%
SV Werder Bremen Ole Werner
72%
SV Darmstadt 98 Torsten Lieberknecht
70%
Eintracht Frankfurt Dino Toppmöller
66%
FC Augsburg Enrico Maaßen
62%
VfL Bochum Thomas Letsch
62%
TSG 1899 Hoffenheim Pellegrino Matarazzo
61%
Keine übereinstimmenden Quizze gefunden
Verteilung der Resultate
Anzahl Personen mit jedem Resultat
Perzentil nach korrekt beantworteten Fragen
Ihre Resultats-Entwicklung
Sie haben dieses Quiz noch nicht gespielt